000 00569nam a2200181Ia 4500
005 20260601193244.0
008 260601s9999||||xx |||||||||||||| ||und||
020 _a978-3-031-60391-4
_qebk
100 _aSamia Bouzefrane
245 0 _aInformation Security Theory and Practice
250 _a2024
260 _aHeidelberg, Germany
_bSpringer Nature
_c2024
440 _aLecture Notes in Computer Science
650 _aComputer Science
700 _aDamien Sauveron
856 _uhttps://link.springer.com/openurl?genre=book&isbn=978-3-031-60391-4
942 _cEB
_2ddc
999 _c56505
_d56505